header

What we owe Iraq (Record no. 2604)

MARC details
000 -LEADER
fixed length control field 01252nam a2200313Ia 4500
100 1# - MAIN ENTRY--AUTHOR NAME
Personal name Feldman, Noah,
245 10 - TITLE STATEMENT
Title What we owe Iraq
260 ## - PUBLICATION, DISTRIBUTION, ETC. (IMPRINT)
Place of publication Princeton :
Name of publisher Princeton University Press,
Year of publication c2004.
300 ## - PHYSICAL DESCRIPTION
Number of Pages 154 p.
650 #0 - SUBJECT ADDED ENTRY--TOPICAL TERM
Topical Term Postwar reconstruction
Topical Term Iraq War, 2003-2011
Topical Term Newly independent states
856 40 - ELECTRONIC LOCATION AND ACCESS
Uniform Resource Identifier http://site.ebrary.com/lib/rucke/Doc?id=10284254

No items available.

© 2026 Rongo University
Contact us: librarian | system librarian | Rongo university